Geography of Idaho - Statistics

General Stats
  • This quiz has been taken 24 times
  • The average score is 16 of 20
Answer Stats
Question Answer % Correct
What crop is Idaho famous for being the top U.S. producer of? Potato
100%
Which of Idaho's 6 bordering states has the largest population? Washington
100%
What is the state capital of Idaho? Boise
95%
Which Canadian province does Idaho border? British Columbia
95%
What word can form the name of three cities after being added to Idaho, Post, and Twin? Falls
90%
What is the largest single religious group in Idaho? Latter-Day Saints
90%
What river flows through southern Idaho in a crescent shape? Snake River
90%
What city is home to the main campus of the University of Idaho? (hint: European capital) Moscow
85%
What fish travels over 1,400 km to Idaho for spawning? Salmon
85%
What is Idaho's state nickname? The {Gem} State
85%
What is the largest city in Idaho's northern panhandle? Coeur d'{Alene}
80%
What national preserve encompasses three major lava fields? Craters of the {Moon}
80%
What is Idaho's state raptor, and the fastest animal on Earth? Peregrine Falcon
80%
What activity would someone most likely visit Sun Valley for? Skiing
80%
What national park does Idaho have a tiny sliver of, referred to as the "Zone of Death"? Yellowstone
80%
Name either of the state capital's two largest suburbs Meridian / Nampa
75%
What deep canyon of that river is located on the border of Idaho and Oregon? {Hell}'s Canyon
70%
What native tribe has a name that means "pierced nose" in French? Nez Perce
70%
What subrange of the Rocky Mountains separates Idaho and Montana? {Bitter}root
60%
What is Idaho's highest point? (starts with B) {Borah} Peak
50%
No matching quizzes found
Score Distribution
Percent of People with Each Score
Percentile by Number Answered
Your Score History
You have not taken this quiz